| 000 | 03915nab a22007217 4500 | ||
|---|---|---|---|
| 003 | AR-RoUNA | ||
| 022 | _a0327-9022 | ||
| 040 |
_aAR-RoUNA _bspa |
||
| 041 | _aspa | ||
| 044 | _aag | ||
| 245 |
_aSumma+ / _bHoteles - Comercios - Oficinas |
||
| 260 |
_aBuenos Aires , _c1993 |
||
| 300 |
_a128 p. : _bil. byn. _bplanos _c34 X25 cm. |
||
| 505 | 0 | _tINDICE | |
| 505 | 0 | _tArgentina - EXPERIENCIA SENSORIAL | |
| 505 | 0 | _aA4 Estudio - Leonardo Codina y Juan Manuel Filice / Complejo Turístico entre cielos, CABA. p. 4 | |
| 505 | 0 | _tPortugal - LEGO A ESCALA REAL | |
| 505 | 0 | _aVHM, Gestäo e Coordenada de proyectos - Jorge Sobré Albuquerque, Ana Luísa Almeida, José Magno / Hotel Axis Viana, Viana do Castelo, 2008. p. 14 | |
| 505 | 0 | _tARQUITECTURA FÓSIL | |
| 505 | 0 | _aPedra Líquida / Hotel Residencia Casa Do Conto, Oporto, 2011. p. 22 | |
| 505 | 0 | _tCOMERCIOS - Restaurantes Contemporáneos | |
| 505 | 0 | _tBrasil - CUADRADO MÁGICO | |
| 505 | 0 | _aRizoma / Restaurante Diticica, Brumadinho, MG, 2010. p. 32 | |
| 505 | 0 | _tPortugal - MODELO PARA ARMAR | |
| 505 | 0 | _aFrancisco Viera de Campos y Cristina Guedes / AR de Rio, Nova de Gaia, 2008. p. 40 | |
| 505 | 0 | _tFrancia - UN VELO DE MISTERIO | |
| 505 | 0 | _aOdile Decq - Bendít Cornett / Phantom - Restaurante de Ópera Garnier, París, 2011. p. 46 | |
| 505 | 0 | _tMéxico - PRECISIÓN Y EXACTITUD | |
| 505 | 0 | _aRojkind arq.+ Escrawe Studio / Restaurante Tori Tori, Polanco, 2011. p. 52 | |
| 505 | 0 | _tChile - CASUALIDADES INDUCIDAS | |
| 505 | 0 | _aSmilian Radic Clarke / Restaurante Mestizo, Santiago de Chile, 2007. p. 60 | |
| 505 | 0 | _tMéxico - EL ARTE DE LA RESTRICCIÓN | |
| 505 | 0 | _aEmmanuel Picault & Ludwing Godefroy / Jules - Speakeasy Cocktail Bar, Ciudad de México, 2012. p. 68 | |
| 505 | 0 | _tArgentina - CONTRASTES POLARES | |
| 505 | 0 | _aVanguardia architecs / Heladería Arnaldo - Sucursal Olivos - 2011, Vicente López, 2011. p. 70 | |
| 505 | 0 | _tOFICINAS | |
| 505 | 0 | _tEspaña - AGUDOS Y ESTILIZADOS | |
| 505 | 0 | _aEMBA - Estudi Massip - Bosch / Torre Telefónica Diagonal Zerozero, Barcelona, 2011. p. 74 | |
| 505 | 0 | _tArgentina - DIIFERENCIA Y CONTINUIDAD | |
| 505 | 0 | _aFaure, Malamud, Riveira / Edificio Grupo Asegurador La Segunda, Rosario, 2010. p. 82 | |
| 505 | 0 | _tBrasil - LA MIRADA INVISIBLE | |
| 505 | 0 | _aStudio MK27 - Marcio Kogan + Suzana Glogowski / Studio SC, San Pablo, 2011. p. 90 | |
| 505 | 0 | _tTRANSFORMADORES ESPACIALES | |
| 505 | 0 | _aCarlos A. Piccini y Franco Piccini / Sindicato de choferes de camiones, Pergamino, 2011. p. 98 | |
| 505 | 0 | _aMax Zolkwer / Eloisa Iturbe Studio - Oficinas para Motion Graphics, CABA, 2011. p. 100 | |
| 505 | 0 | _aBrijuni / Estudio en Malasaña, Madrid, 2011. p. 102 | |
| 505 | 0 | _aBuenos Aires Planning / Vostu, CABA, 2011. p. 104 | |
| 505 | 0 | _aMila Strauss + Marcos Paulo Caldeira / We Agencia de Comunicación, San Pablo, 2010. p. 106 | |
| 505 | 0 | _aFredy Massad y Alicia Guerrero Yeste / El arquitecto ha de replantear la sociedad: entrevista a López-Rivera. p. 108 | |
| 505 | 0 | _aRodrigo Kommers Wender / Espacio-Tiempo-Movimiento: registros de la Touch & Go Reality. p. 116 | |
| 505 | 0 | _aIgnacio Ros de Olano / Chicago en papel. p. 117 | |
| 505 | 0 | _aRuth Verde Zein / Cazafantasmas reloaded. p. 118 | |
| 505 | 0 | _aRafael E.J. Iglesia / Genealogía de una marca. p. 120 | |
| 505 | 0 | _aRoberto Fernández / Griffin, misionero de modernidad. p. 122 | |
| 505 | 0 | _aRita Molinos, Mario Sabugo y Maximiliano Salomón / El Manantial (I): ¿Quieres ser Howard Roarrk?. p. 126 | |
| 505 | 0 | _aJosep María Montaner / Coleccionismo contemporáneo: a propósito del soumaya. p. 128 | |
| 650 | _aArquitectura contemporánea | ||
| 773 | 0 |
_aSumma+ _dBuenos Aires, Argentina _gNº123 (jul-2012), p. 128 _x0327-9022 |
|
| 908 | _aImp | ||
| 942 |
_2udc _cART |
||
| 945 |
_aMBP _d2022-07-08 |
||
| 980 |
_8138 _gCarolina Rainero _6138 _aCarolina Rainero |
||
| 999 |
_c12259 _d12259 |
||